NLSUI OPAC header image

Women, Gender and labour migration : Historical and global perspectives (Record no. 32226)

MARC details
000 -LEADER
fixed length control field 02139nam a2200217Ia 4500
003 - CONTROL NUMBER IDENTIFIER
control field OSt
005 - DATE AND TIME OF LATEST TRANSACTION
control field 20210521155318.0
008 - FIXED-LENGTH DATA ELEMENTS--GENERAL INFORMATION
fixed length control field 160316s2001 xxu||||| |||| 00| 0 eng d
020 ## - INTERNATIONAL STANDARD BOOK NUMBER
International Standard Book Number 9780415228008
040 ## - CATALOGING SOURCE
Transcribing agency n
082 ## - DEWEY DECIMAL CLASSIFICATION NUMBER
Classification number 331.400000
Item number SHA
100 ## - MAIN ENTRY--PERSONAL NAME
Personal name Sharpe Pamela
245 ## - TITLE STATEMENT
Title Women, Gender and labour migration : Historical and global perspectives
260 ## - PUBLICATION, DISTRIBUTION, ETC.
Place of publication, distribution, etc. London
Name of publisher, distributor, etc. Routledge
Date of publication, distribution, etc. 2001
300 ## - PHYSICAL DESCRIPTION
Extent 318p
Dimensions xviii
365 ## - TRADE PRICE
Price amount Rs. 2,248
505 ## - FORMATTED CONTENTS NOTE
Formatted contents note Table of contents<br/>1. Introduction: gender and the experience of migration Pamela Sharp;<br/>2. Women migrants as global and local agents: new research strategies on gender and migration Christiane Harzig;<br/>3. Leaving home to help the family? Male and female temporary migrants in eighteenth and nineteenth-century Spain Carmen Saras;<br/>4. Labour migration, family and community in early modern Japan Mary Louise Nagata;<br/>5. Women and long distance trade migration in the nineteenth-century Netherlands Marlou Schrover;<br/>6. Nowhere at home? Female migrants in the nineteenth-century Habsburg monarchy Sylvia Hahn;<br/> 7. Gender, family, work and migration in early nineteenth-century Scotland David Tidswell;<br/> 8. Wives or workers? Single British female migration to colonial Australia Jan Gothard;<br/> 9. A historical perspective on female migrants: motivations and strategies of nineteenth-century hessians Simone Wegge;<br/>10. When the migrants are men; Italy's women and transnationalism as a working-class way of life Donna Gabaccia;<br/>11. Gender and twentieth-century Irish migration 1921-71 Enda Delaney;<br/>12. Maids on the move: images of femininity and European women's labour migration during the inter-war years Barbara Henkes;<br/>13. Female migration and the farm family economy in inter-war Japan Janet Hunter;<br/>14. Migrancy, marriage and family in the Ciskei reserve of South Africa 1945-1959 Anne Mager;<br/>15. Women and migrants: continuity and change in patterns of female migration in Latin America Paulina de los Reyes
650 ## - SUBJECT ADDED ENTRY--TOPICAL TERM
Topical term or geographic name entry element 1. Women - Employment - Congress2. Women Alien Labor - Congress3. Minority Women - Employment
700 ## - ADDED ENTRY--PERSONAL NAME
Personal name
--
942 ## - ADDED ENTRY ELEMENTS (KOHA)
Source of classification or shelving scheme Dewey Decimal Classification
Koha item type BOOKs
Holdings
Withdrawn status Lost status Damaged status Not for loan Home library Current library Shelving location Date acquired Cost, normal purchase price Total Checkouts Full call number Barcode Date last seen Price effective from Koha item type
        . .   30.05.2017 2248.00   331.4 SHA 29209 30.05.2017 30.05.2017 BOOKs